KOHA-Header-6

Database System Concepts (Record no. 9961)

000 -LEADER
fixed length control field 00231nam a2200109Ia 4500
020 ## - INTERNATIONAL STANDARD BOOK NUMBER
ISBN 978-0070310865
100 ## - MAIN ENTRY--AUTHOR NAME
Personal name Silberschatz
245 #0 - TITLE STATEMENT
Title Database System Concepts
260 ## - PUBLICATION, DISTRIBUTION, ETC. (IMPRINT)
Place of publication India
Name of publisher Dorling
Year of publication 2003
300 ## - PHYSICAL DESCRIPTION
Number of Pages 512
942 ## - ADDED ENTRY ELEMENTS (KOHA)
Koha item type Books
Holdings
Withdrawn status Lost status Collection code Permanent Location Current Location Shelving location Date acquired Full call number Accession Number Koha item type
    Database Systems MAJU MAJU Shelf No.B19 2019-09-14 005.2 6016 Computer Science

Powered by Koha